Hind swaraj:a critical edition (Record no. 443451)

000 -LEADER
fixed length control field 00490cam a22001577a 4500
008 - FIXED-LENGTH DATA ELEMENTS--GENERAL INFORMATION
fixed length control field 180718b2010 xxu||||| |||| 00| 0 eng d
020 ## - INTERNATIONAL STANDARD BOOK NUMBER
International Standard Book Number 9788125039181
082 ## - DEWEY DECIMAL CLASSIFICATION NUMBER
Classification number B262x54 G151
245 ## - TITLE STATEMENT
Title Hind swaraj:a critical edition
Statement of responsibility, etc. edited by Suresh Sharma and Tridip Suhrud
260 ## - PUBLICATION, DISTRIBUTION, ETC.
Place of publication, distribution, etc. New Delhi
Name of publisher, distributor, etc. Orient Blackswan
Date of publication, distribution, etc. 2010
300 ## - PHYSICAL DESCRIPTION
Extent 83p.
650 ## - SUBJECT ADDED ENTRY--TOPICAL TERM
Topical term or geographic name entry element India -- Politics and government -- 1919-1947
650 ## - SUBJECT ADDED ENTRY--TOPICAL TERM
Topical term or geographic name entry element Nationalism -- India
700 ## - ADDED ENTRY--PERSONAL NAME
Personal name Suhrud, Tridip
700 ## - ADDED ENTRY--PERSONAL NAME
Personal name Sharma, Suresh
Holdings
Withdrawn status Lost status Damaged status Not for loan Permanent Location Current Location Date acquired Full call number Barcode Date last seen Price effective from Koha item type
        Indian Institute of Public Administration Indian Institute of Public Administration 2013-12-10 B262x54 G151 85361 2018-07-21 2018-07-21 Book

Powered by Koha